Geometry symposium, Utrecht 1980

Kaydedildi:
Detaylı Bibliyografya
Asıl Yazarlar: Looijenga, E (Yazar), Siersma, D (Yazar), Takens, F (Yazar)
Materyal Türü: Kitap
Dil:İngilizce
Fransızca
Baskı/Yayın Bilgisi: Berlín Springer-Verlag 1981
Seri Bilgileri:Lecture Notes in Mathematics, 894
Konular:
Etiketler: Etiketle
Etiket eklenmemiş, İlk siz ekleyin!

MARC

LEADER 00000nam a2200000 a 4500
001 UCP2267
003 CL-VaPUC
005 20250224121055.0
008 990507e19810000gw 1 eng d
041 0 7 |a eng  |2 CL-VaPUC 
041 0 7 |a fre  |2 CL-VaPUC 
082 0 4 |a 516  |b LOO  |2 21 
100 1 |a Looijenga, E  |e author  |9 619448 
700 1 |a Siersma, D  |e author  |9 619449 
700 1 |a Takens, F  |e author  |9 619450 
245 1 0 |a Geometry symposium, Utrecht 1980 
260 |a Berlín  |b Springer-Verlag  |c 1981 
300 |a 153 p 
490 0 |a Lecture Notes in Mathematics, 894 
583 |a last modification  |c 19990507 00:00:00  |k Rodrigo Vera 
650 0 0 |a Geometría   |9 264063 
650 0 0 |a Álgebra vectorial   |9 269971 
650 0 7 |a FUNCIONES ARMONICAS  |2 CL-VaPUC  |9 322166 
650 0 0 |a Variedades  |9 393868 
650 0 0 |a Congresos  |9 257560 
942 |c BK 
945 |a crobeson  |d 19990507 00:00:00 
546 |a En Inglés 
546 |a En Francés 
518 |p Geometry Symposium, Utrecht, 27 al 29 de agosto de 1980 
999 |c 383404  |d 383402 
952 |0 0  |1 0  |4 0  |6 516_000000000000000_LOO_1981  |7 0  |8 A  |9 505508  |a BIBMAT  |b BIBMAT  |d 2020-01-23  |i 1345230  |o 516 LOO 1981  |p 1345230  |r 2025-01-07  |w 2020-01-23  |y BK  |k MAT